000
00321nam a22001457a 4500
003
OSt
020
_a
978007106786
082
_a
338.092
_b
GUP/MA
100
_a
Gupta, G S
245
_a
Managerial economics
250
_a
2,ed.
260
_a
New Delhi
_b
Mcgraw hill education
_c
2012
300
_a
431p.
942
_2
ddc
_c
BK
999
_c
191086
_d
191086